Quiz sur le massif du Jura - Statistiques

Statistiques générales
  • Ce quiz a été pris 45 fois
  • Le résultat moyen est 8 sur 16
Statistiques - réponses
Question Réponse % Correct
Quelle "couleur" de vin est typique du Jura ? Jaune
87%
Quelle ville est le chef-lieu du département du Jura ? Lons-le-Saunier
79%
Quel fromage du Jura se reconnaît par une fine ligne sombre séparant deux couches de pâte ? Morbier
71%
Quelle industrie de précision est emblématique du Jura suisse ? Horlogerie
63%
Quel artisanat a fait la renommée de Saint-Claude dans le Jura ? Pipe
63%
Quel animal donne son nom à une rivière du massif du Jura célèbre pour ses cascades ? Hérisson
61%
Quelle rivière prend sa source dans le massif et forme une boucle avant de revenir en France ? Doubs
55%
Quelle station de ski jurassienne porte un nom évoquant une couleur ? Les Rousses
55%
Quelle ville suisse située au pied du massif borde un grand lac du même nom ? Neuchâtel
47%
Quel fromage liquide et fondant est typique du massif du Jura ? Cancoillotte
42%
Par quel terme désigne-t-on les sommets caractéristiques du Jura ? Crêt
39%
Quelle ville est la capitale du canton suisse du Jura ? Delémont
29%
Quel processus politique a permis de créer le canton suisse du Jura en 1979 ? Plébiscite
29%
Quel ongulé est emblématique du massif du Jura ? Chamois
26%
Quel est le plus grand lac naturel du massif ? Lac de {Chalain}
21%
Le massif a donné son nom au Jurassique ; à quelle ère géologique appartient cette période ? Mésozoïque
21%
Aucun quiz correspondant
Distribution des résultats
% des personnes avec chaque résultat
Percentile par nombre de réponses
Votre historique - résultats
Vous n’avez pas pris ce quiz